000 00780cam a2200265 4500
001 D15849
008 090401t1975 xxu||||| |||| 00| 0 eng d
035 _a(Sirsi) u25564
041 _aeng
050 _a331.2166095125
_c18
110 _aRoyal Institution of Chartered Surveyors
_bHong Kong Branch
_91269
245 _a[Professional charges] Scale of professional charges for quantity surveying services in Hong Kong
250 _a2nd ed.
260 _aHong Kong
_bRICS
_c1975
300 _a13p.
_c22cm
490 _aRICS Fee Scales
650 _aPROFESSIONAL FEES
650 _aQUANTITY SURVEYORS' FEES
650 _aFEE SCALES
650 _aHONG KONG
650 _aPROFESSIONAL CHARGES
690 _aQuantity surveying
_96263
942 _n0
948 _c04/03/1997
999 _c88759
_d88759